[Event "DVM U20 2021"]
[Site "Kiel GER"]
[Date "2022.07.25"]
[Round "5"]
[White "Koleber, Ksenia Alexandra"]
[Black "Vuckovic, Robert"]
[Result "0-1"]
[Termination "normal"]
[Board "7.5"]
[WhiteElo "1381"]
[BlackElo "1845"]
[WhiteClock "00:02:44"]
[BlackClock "00:35:32"]
[WhiteTeam "Biebertaler Schachfreunde"]
[BlackTeam "Schachfreunde Augsburg"]
[PlyCount "78"]
[WhiteFideId "16271130"]
[BlackFideId "12998680"]
[EventCountry "GER"]
[EventRounds "7"]
[EventType "team-swiss"]
[EventDate "2022.07.22"]

1. e4 {[%clk 01:30:58]} {[%emt 00:00:03]} c5 {[%clk 01:30:50]} {[%emt
00:00:09]} 2. Nc3 {[%clk 01:31:22]} {[%emt 00:00:06]} g6 {[%clk 01:31:12]}
{[%emt 00:00:09]} 3. g3 {[%clk 01:31:33]} {[%emt 00:00:19]} Bg7 {[%clk
01:31:34]} {[%emt 00:00:08]} 4. Bg2 {[%clk 01:31:55]} {[%emt 00:00:07]} Nc6
{[%clk 01:31:43]} {[%emt 00:00:22]} 5. f4 {[%clk 01:31:28]} {[%emt 00:00:57]}
Rb8 {[%clk 01:31:32]} {[%emt 00:00:40]} 6. Nf3 {[%clk 01:28:01]} {[%emt
00:03:58]} d6 {[%clk 01:30:14]} {[%emt 00:01:48]} 7. d3 {[%clk 01:26:29]}
{[%emt 00:02:01]} Bd7 {[%clk 01:30:14]} {[%emt 00:00:31]} 8. O-O {[%clk
01:05:35]} {[%emt 00:21:24]} b5 {[%clk 01:29:06]} {[%emt 00:01:38]} 9. a3
{[%clk 01:03:49]} {[%emt 00:02:16]} a5 {[%clk 01:29:17]} {[%emt 00:00:19]} 10.
Re1 {[%clk 00:59:43]} {[%emt 00:04:36]} b4 {[%clk 01:29:01]} {[%emt 00:00:47]}
11. axb4 {[%clk 00:58:30]} {[%emt 00:01:42]} axb4 {[%clk 01:29:24]} {[%emt
00:00:07]} 12. Nd5 {[%clk 00:58:17]} {[%emt 00:00:43]} e6 {[%clk 01:29:07]}
{[%emt 00:00:47]} 13. Ne3 {[%clk 00:58:03]} {[%emt 00:00:44]} Nge7 {[%clk
01:29:02]} {[%emt 00:00:35]} 14. Nc4 {[%clk 00:57:25]} {[%emt 00:01:08]} Nc8
{[%clk 01:29:00]} {[%emt 00:00:31]} 15. e5 {[%clk 00:50:38]} {[%emt 00:07:17]}
d5 {[%clk 01:27:38]} {[%emt 00:01:53]} 16. Ne3 {[%clk 00:50:04]} {[%emt
00:01:04]} h5 {[%clk 01:21:37]} {[%emt 00:06:30]} 17. Nh4 {[%clk 00:46:36]}
{[%emt 00:03:58]} O-O {[%clk 01:14:30]} {[%emt 00:07:38]} 18. Bh1 {[%clk
00:37:00]} {[%emt 00:10:06]} Nb6 {[%clk 01:12:14]} {[%emt 00:02:46]} 19. Qe2
{[%clk 00:36:14]} {[%emt 00:01:16]} d4 {[%clk 01:11:00]} {[%emt 00:01:44]} 20.
Nc4 {[%clk 00:35:13]} {[%emt 00:01:31]} Nxc4 {[%clk 01:10:45]} {[%emt
00:00:45]} 21. dxc4 {[%clk 00:35:41]} {[%emt 00:00:01]} b3 {[%clk 01:05:44]}
{[%emt 00:05:31]} 22. cxb3 {[%clk 00:35:16]} {[%emt 00:00:55]} Rxb3 {[%clk
01:05:23]} {[%emt 00:00:52]} 23. Qc2 {[%clk 00:34:04]} {[%emt 00:01:42]} Qb6
{[%clk 01:05:19]} {[%emt 00:00:33]} 24. Nxg6 {[%clk 00:29:31]} {[%emt
00:05:04]} d3 {[%clk 01:01:32]} {[%emt 00:04:16]} 25. Qxb3 {[%clk 00:25:19]}
{[%emt 00:04:43]} Qxb3 {[%clk 01:01:53]} {[%emt 00:00:08]} 26. Bxc6 {[%clk
00:25:34]} {[%emt 00:00:15]} Bxc6 {[%clk 00:57:08]} {[%emt 00:05:16]} 27. Ne7+
{[%clk 00:25:21]} {[%emt 00:00:43]} Kh7 {[%clk 00:57:28]} {[%emt 00:00:09]} 28.
Nxc6 {[%clk 00:25:38]} {[%emt 00:00:13]} Qxc4 {[%clk 00:56:54]} {[%emt
00:01:04]} 29. Be3 {[%clk 00:18:54]} {[%emt 00:07:14]} Qb5 {[%clk 00:49:54]}
{[%emt 00:07:30]} 30. Na5 {[%clk 00:16:36]} {[%emt 00:02:45]} Ra8 {[%clk
00:49:07]} {[%emt 00:01:20]} 31. Bd2 {[%clk 00:16:34]} {[%emt 00:00:32]} Qxb2
{[%clk 00:45:14]} {[%emt 00:04:23]} 32. Red1 {[%clk 00:14:27]} {[%emt
00:02:37]} Qd4+ {[%clk 00:44:38]} {[%emt 00:01:06]} 33. Kf1 {[%clk 00:13:29]}
{[%emt 00:01:29]} h4 {[%clk 00:41:47]} {[%emt 00:03:21]} 34. Kg2 {[%clk
00:06:54]} {[%emt 00:07:04]} Kg6 {[%clk 00:38:54]} {[%emt 00:03:22]} 35. Rac1
{[%clk 00:05:04]} {[%emt 00:02:21]} h3+ {[%clk 00:39:01]} {[%emt 00:00:24]} 36.
Kf3 {[%clk 00:03:22]} {[%emt 00:02:11]} Qd5+ {[%clk 00:37:51]} {[%emt
00:01:40]} 37. Ke3 {[%clk 00:03:12]} {[%emt 00:00:40]} f5 {[%clk 00:37:32]}
{[%emt 00:00:50]} 38. Re1 {[%clk 00:02:45]} {[%emt 00:00:56]} Bf8 {[%clk
00:35:55]} {[%emt 00:02:07]} 39. Nc4 {[%clk 00:02:44]} {[%emt 00:00:32]} Ra4
{[%clk 00:35:32]} {[%emt 00:00:52]} 0-1

[Event "DVM U20 2021"]
[Site "Kiel GER"]
[Date "2022.07.25"]
[Round "5"]
[White "Steinberger, Michael"]
[Black "Peschel, Jan"]
[Result "1-0"]
[Termination "normal"]
[Board "7.6"]
[WhiteElo "1526"]
[BlackElo "1559"]
[WhiteClock "00:01:59"]
[BlackClock "00:30:00"]
[WhiteTeam "Schachfreunde Augsburg"]
[BlackTeam "Biebertaler Schachfreunde"]
[PlyCount "68"]
[WhiteFideId "34622373"]
[BlackFideId "16271629"]
[EventCountry "GER"]
[EventRounds "7"]
[EventType "team-swiss"]
[EventDate "2022.07.22"]

1. e4 {[%clk 01:30:59]} {[%emt 00:00:02]} e5 {[%clk 01:30:53]} {[%emt
00:00:06]} 2. Nf3 {[%clk 01:31:26]} {[%emt 00:00:04]} Nc6 {[%clk 01:31:16]}
{[%emt 00:00:06]} 3. d4 {[%clk 01:31:51]} {[%emt 00:00:06]} exd4 {[%clk
01:28:17]} {[%emt 00:03:29]} 4. Bc4 {[%clk 01:32:13]} {[%emt 00:00:08]} Nf6
{[%clk 01:18:23]} {[%emt 00:10:23]} 5. e5 {[%clk 01:32:33]} {[%emt 00:00:10]}
d5 {[%clk 01:18:45]} {[%emt 00:00:09]} 6. Bb5 {[%clk 01:32:53]} {[%emt
00:00:09]} Ne4 {[%clk 01:15:44]} {[%emt 00:03:32]} 7. Nxd4 {[%clk 01:33:10]}
{[%emt 00:00:13]} Bd7 {[%clk 01:11:57]} {[%emt 00:04:17]} 8. Bxc6 {[%clk
01:32:53]} {[%emt 00:00:47]} bxc6 {[%clk 01:11:34]} {[%emt 00:00:52]} 9. O-O
{[%clk 01:32:44]} {[%emt 00:00:40]} Bc5 {[%clk 01:10:25]} {[%emt 00:01:38]} 10.
Nb3 {[%clk 01:23:22]} {[%emt 00:09:53]} Bb6 {[%clk 01:08:04]} {[%emt 00:02:51]}
11. N1d2 {[%clk 01:02:43]} {[%emt 00:21:09]} Nxd2 {[%clk 00:51:42]} {[%emt
00:16:51]} 12. Bxd2 {[%clk 01:00:19]} {[%emt 00:02:55]} O-O {[%clk 00:51:03]}
{[%emt 00:01:08]} 13. Re1 {[%clk 00:52:38]} {[%emt 00:08:11]} Re8 {[%clk
00:50:17]} {[%emt 00:01:16]} 14. Qf3 {[%clk 00:51:07]} {[%emt 00:02:00]} Qh4
{[%clk 00:47:03]} {[%emt 00:03:45]} 15. Ba5 {[%clk 00:34:13]} {[%emt 00:17:24]}
Re6 {[%clk 00:42:23]} {[%emt 00:05:10]} 16. Bxb6 {[%clk 00:20:24]} {[%emt
00:14:19]} cxb6 {[%clk 00:42:34]} {[%emt 00:00:19]} 17. Re3 {[%clk 00:18:25]}
{[%emt 00:02:30]} Rae8 {[%clk 00:37:27]} {[%emt 00:05:37]} 18. Rae1 {[%clk
00:18:04]} {[%emt 00:00:51]} Rg6 {[%clk 00:26:58]} {[%emt 00:10:59]} 19. c3
{[%clk 00:13:46]} {[%emt 00:04:48]} c5 {[%clk 00:20:13]} {[%emt 00:07:14]} 20.
Rd1 {[%clk 00:02:04]} {[%emt 00:12:12]} Bc6 {[%clk 00:13:24]} {[%emt 00:07:20]}
21. Qh3 {[%clk 00:00:43]} {[%emt 00:01:51]} Qg5 {[%clk 00:12:34]} {[%emt
00:01:20]} 22. Rg3 {[%emt 00:03:42]} Qxe5 {[%clk 00:09:54]} 23. Re3 {[%clk
00:01:00]} {[%emt 00:00:09]} Qb8 {[%clk 00:09:42]} {[%emt 00:00:42]} 24. Rde1
{[%clk 00:00:32]} {[%emt 00:00:59]} Rxe3 {[%clk 00:08:40]} {[%emt 00:01:32]}
25. Rxe3 {[%clk 00:00:32]} {[%emt 00:00:30]} Rh6 {[%clk 00:06:18]} {[%emt
00:02:52]} 26. Qg3 {[%clk 00:00:56]} {[%emt 00:00:06]} Qxg3 {[%clk 00:06:20]}
{[%emt 00:00:27]} 27. hxg3 {[%clk 00:01:21]} {[%emt 00:00:06]} Kf8 {[%clk
00:05:52]} {[%emt 00:00:57]} 28. f3 {[%clk 00:01:03]} {[%emt 00:00:48]} Re6
{[%clk 00:04:19]} {[%emt 00:02:03]} 29. Rxe6 {[%clk 00:01:00]} {[%emt
00:00:33]} fxe6 {[%clk 00:02:27]} {[%emt 00:02:23]} 30. Kf2 {[%clk 00:01:29]}
{[%emt 00:00:02]} Kf7 {[%clk 00:02:10]} {[%emt 00:00:46]} 31. Ke3 {[%clk
00:01:29]} {[%emt 00:00:29]} Kf6 {[%clk 00:02:27]} {[%emt 00:00:14]} 32. Nd2
{[%clk 00:01:42]} {[%emt 00:00:17]} g5 {[%clk 00:01:40]} {[%emt 00:01:17]} 33.
g4 {[%clk 00:01:58]} {[%emt 00:00:13]} Ke5 {[%clk 00:01:01]} {[%emt 00:01:08]}
34. Nb3 {[%clk 00:01:59]} {[%emt 00:00:30]} Ba4 {[%clk 00:30:00]} {[%emt
00:01:01]} 1-0

[Event "DVM U20 2021"]
[Site "Kiel GER"]
[Date "2022.07.25"]
[Round "6"]
[White "Engel, Luis"]
[Black "Mooser, Nicolas"]
[Result "1-0"]
[Termination "normal"]
[Board "1.1"]
[WhiteTitle "GM"]
[WhiteElo "2558"]
[BlackElo "2025"]
[WhiteClock "01:06:52"]
[BlackClock "00:29:22"]
[WhiteTeam "Hamburger SK von 1830 eV"]
[BlackTeam "FC Ergolding 1932 e.V."]
[PlyCount "45"]
[WhiteFideId "12961523"]
[BlackFideId "12979406"]
[EventCountry "GER"]
[EventRounds "7"]
[EventType "team-swiss"]
[EventDate "2022.07.22"]

1. e4 {[%clk 01:30:58]} {[%emt 00:00:02]} c5 {[%clk 01:30:55]} {[%emt
00:00:05]} 2. Nf3 {[%clk 01:31:24]} {[%emt 00:00:04]} e6 {[%clk 01:31:22]}
{[%emt 00:00:03]} 3. d4 {[%clk 01:31:49]} {[%emt 00:00:05]} cxd4 {[%clk
01:31:47]} {[%emt 00:00:04]} 4. Nxd4 {[%clk 01:32:14]} {[%emt 00:00:05]} Nc6
{[%clk 01:32:13]} {[%emt 00:00:04]} 5. Nc3 {[%clk 01:32:38]} {[%emt 00:00:07]}
Qc7 {[%clk 01:32:39]} {[%emt 00:00:04]} 6. Be2 {[%clk 01:33:02]} {[%emt
00:00:06]} Nf6 {[%clk 01:32:43]} {[%emt 00:00:26]} 7. Be3 {[%clk 01:33:23]}
{[%emt 00:00:09]} Be7 {[%clk 01:32:58]} {[%emt 00:00:14]} 8. f4 {[%clk
01:33:06]} {[%emt 00:00:48]} d6 {[%clk 01:33:08]} {[%emt 00:00:20]} 9. Qd2
{[%clk 01:32:57]} {[%emt 00:00:39]} O-O {[%clk 01:33:22]} {[%emt 00:00:15]} 10.
O-O-O {[%clk 01:33:20]} {[%emt 00:00:08]} a6 {[%clk 01:29:28]} {[%emt
00:04:24]} 11. g4 {[%clk 01:33:26]} {[%emt 00:00:23]} b5 {[%clk 01:27:32]}
{[%emt 00:02:27]} 12. g5 {[%clk 01:33:46]} {[%emt 00:00:10]} Nd7 {[%clk
01:24:36]} {[%emt 00:03:25]} 13. Nxc6 {[%clk 01:32:37]} {[%emt 00:01:40]} Qxc6
{[%clk 01:24:16]} {[%emt 00:00:50]} 14. a3 {[%clk 01:33:02]} {[%emt 00:00:05]}
Nc5 {[%clk 01:17:25]} {[%emt 00:07:21]} 15. Rhf1 {[%clk 01:28:12]} {[%emt
00:05:20]} Bd7 {[%clk 01:01:50]} {[%emt 00:16:05]} 16. f5 {[%clk 01:23:21]}
{[%emt 00:05:21]} Rfb8 {[%clk 00:47:27]} {[%emt 00:14:52]} 17. f6 {[%clk
01:21:07]} {[%emt 00:02:44]} Bf8 {[%clk 00:42:57]} {[%emt 00:05:01]} 18. fxg7
{[%clk 01:20:45]} {[%emt 00:00:52]} Kxg7 {[%clk 00:40:59]} {[%emt 00:02:28]}
19. Bh5 {[%clk 01:15:47]} {[%emt 00:05:28]} Be8 {[%clk 00:37:18]} {[%emt
00:04:10]} 20. g6 {[%clk 01:07:54]} {[%emt 00:08:23]} hxg6 {[%clk 00:34:08]}
{[%emt 00:03:40]} 21. Bxg6 {[%clk 01:06:09]} {[%emt 00:02:16]} fxg6 {[%clk
00:28:57]} {[%emt 00:05:40]} 22. Bh6+ {[%clk 01:06:29]} {[%emt 00:00:10]} Kh7
{[%clk 00:29:22]} {[%emt 00:00:04]} 23. Bxf8 {[%clk 01:06:52]} {[%emt
00:00:08]} 1-0

[Event "DVM U20 2021"]
[Site "Kiel GER"]
[Date "2022.07.25"]
[Round "6"]
[White "Lohr, Maximilian"]
[Black "Woelk, Tom-Frederic"]
[Result "1-0"]
[Termination "normal"]
[Board "1.2"]
[BlackTitle "FM"]
[WhiteElo "2092"]
[BlackElo "2314"]
[WhiteClock "00:02:17"]
[BlackClock "00:15:33"]
[WhiteTeam "FC Ergolding 1932 e.V."]
[BlackTeam "Hamburger SK von 1830 eV"]
[PlyCount "119"]
[WhiteFideId "12999717"]
[BlackFideId "12993077"]
[EventCountry "GER"]
[EventRounds "7"]
[EventType "team-swiss"]
[EventDate "2022.07.22"]

1. e4 {[%clk 01:30:49]} {[%emt 00:00:03]} c5 {[%clk 01:31:20]} 2. Nf3 {[%clk
01:31:15]} e6 {[%clk 01:31:40]} 3. d4 {[%clk 01:31:40]} cxd4 {[%clk 01:32:07]}
4. Nxd4 {[%clk 01:31:59]} Nc6 {[%clk 01:32:32]} 5. Nc3 {[%clk 01:32:27]} Qc7
{[%clk 01:32:56]} 6. Be3 {[%clk 01:32:54]} a6 {[%clk 01:33:15]} 7. Qf3 {[%clk
01:33:19]} Nf6 {[%clk 01:33:38]} 8. O-O-O {[%clk 01:33:46]} Ne5 {[%clk
01:34:01]} 9. Qg3 {[%clk 01:34:12]} b5 {[%clk 01:34:18]} 10. f4 {[%clk
01:34:35]} Neg4 {[%clk 01:34:42]} 11. Bg1 {[%clk 01:35:02]} h5 {[%clk
01:34:45]} 12. e5 {[%clk 01:35:21]} b4 {[%clk 01:35:08]} 13. Na4 {[%clk
01:35:48]} Nd5 {[%clk 01:35:27]} 14. h3 {[%clk 01:36:08]} Nh6 {[%clk 01:35:45]}
15. f5 {[%clk 01:36:33]} Bb7 {[%clk 01:36:05]} 16. Kb1 {[%clk 01:36:58]} Nxf5
{[%clk 01:36:30]} 17. Nxf5 {[%clk 01:37:25]} exf5 {[%clk 01:36:48]} 18. Bd4
{[%clk 01:28:21]} g6 {[%clk 01:32:59]} 19. Qf2 {[%clk 01:09:18]} Bg7 {[%clk
01:21:17]} 20. e6 {[%clk 01:03:45]} O-O {[%clk 01:21:09]} 21. Bxg7 {[%clk
01:04:07]} Kxg7 {[%clk 01:04:30]} 22. Qd4+ {[%clk 00:49:38]} Kh7 {[%clk
01:02:02]} 23. exd7 {[%clk 00:32:49]} f4 {[%clk 00:55:55]} 24. Nc5 {[%clk
00:32:53]} Ne3 {[%clk 00:56:15]} 25. Rd2 {[%clk 00:30:53]} Bd5 {[%clk
00:47:39]} 26. Ne4 {[%clk 00:23:40]} f5 {[%clk 00:45:11]} 27. Nf6+ {[%clk
00:24:04]} Rxf6 {[%clk 00:45:38]} 28. Qxf6 {[%clk 00:24:27]} Qxd7 {[%clk
00:45:24]} 29. b3 {[%clk 00:22:52]} Qc7 {[%clk 00:33:57]} 30. Bc4 {[%clk
00:21:48]} Bxc4 {[%clk 00:33:36]} 31. bxc4 {[%clk 00:21:45]} Nxc4 {[%clk
00:24:39]} 32. Rd3 {[%clk 00:13:35]} Na3+ {[%clk 00:24:59]} 33. Ka1 {[%clk
00:11:12]} Nxc2+ {[%clk 00:24:54]} 34. Kb2 {[%clk 00:10:00]} Ne3 {[%clk
00:22:18]} 35. Rc1 {[%clk 00:06:26]} Qg7 {[%clk 00:22:43]} 36. Qxg7+ {[%clk
00:06:51]} Kxg7 {[%clk 00:23:08]} 37. g3 {[%clk 00:06:19]} Re8 {[%clk
00:23:13]} 38. gxf4 {[%clk 00:06:29]} Re4 {[%clk 00:18:15]} 39. Rg1 {[%clk
00:03:45]} Nc4+ {[%clk 00:18:36]} 40. Kb3 {[%clk 00:04:04]} Na5+ {[%clk
00:18:25]} 41. Ka4 {[%clk 00:29:57]} Nc6 {[%clk 00:35:43]} 42. Rd7+ {[%clk
00:11:55]} Kh6 {[%clk 00:36:07]} 43. Rd6 {[%clk 00:12:21]} Ne7 {[%clk
00:36:24]} 44. Rxa6 {[%clk 00:12:20]} Kg7 {[%clk 00:22:51]} 45. Rd6 {[%clk
00:06:56]} Rxf4 {[%clk 00:23:01]} 46. Re1 {[%clk 00:02:57]} Nc8 {[%clk
00:23:01]} 47. Rc6 {[%clk 00:03:02]} Rf2 {[%clk 00:21:25]} 48. Rxc8 {[%clk
00:03:27]} Rxa2+ {[%clk 00:21:51]} 49. Kxb4 {[%clk 00:02:47]} Rg2 {[%clk
00:20:25]} 50. Rc4 {[%clk 00:01:34]} Kh6 {[%clk 00:20:38]} 51. h4 {[%clk
00:02:01]} Rg4 {[%clk 00:15:33]} 52. Rf1 {[%clk 00:02:26]} g5 {[%clk 00:15:07]}
53. Rxf5 {[%clk 00:02:55]} gxh4 {[%clk 00:14:46]} 54. Kc3 {[%clk 00:01:19]}
Rxc4+ {[%clk 00:14:10]} 55. Kxc4 {[%clk 00:01:02]} Kg6 {[%clk 00:13:56]} 56.
Ra5 {[%clk 00:01:27]} h3 {[%clk 00:14:15]} 57. Kd4 {[%clk 00:01:51]} h2 {[%clk
00:14:43]} 58. Ra1 {[%clk 00:02:01]} Kg5 {[%clk 00:15:07]} 59. Ke3 {[%clk
00:02:17]} Kg4 {[%clk 00:15:33]} 60. Kf2 1-0

[Event "DVM U20 2021"]
[Site "Kiel GER"]
[Date "2022.07.25"]
[Round "6"]
[White "Holinka, Henning"]
[Black "Lichtmannecker, Daniel"]
[Result "1-0"]
[Termination "normal"]
[Board "1.3"]
[WhiteElo "2251"]
[BlackElo "2013"]
[WhiteTeam "Hamburger SK von 1830 eV"]
[BlackTeam "FC Ergolding 1932 e.V."]
[WhiteFideId "12967084"]
[BlackFideId "12979414"]
[EventCountry "GER"]
[EventRounds "7"]
[EventType "team-swiss"]
[EventDate "2022.07.22"]

1. e4 c6 2. Nc3 d5 3. d4 dxe4 4. Nxe4 Bf5 5. Ng3 Bg6 6. Nh3 e6 7. Nf4 Bd6 8.
Ngh5 Kf8 9. Bc4 Nf6 10. Nxg6+ hxg6 11. Ng3 Nbd7 12. c3 Nb6 13. Bb3 Qc7 14. Qf3
c5 15. dxc5 Qxc5 16. Be3 Qc6 17. Qxc6 bxc6 18. O-O-O Ke7 19. c4 c5 20. Bg5 Be5
21. Ne2 Rad8 22. Be3 Rxd1+ 23. Rxd1 Nbd7 24. h3 Rd8 25. f4 Bd6 26. Ba4 Nb6 27.
Bb5 a6 28. Bxa6 Ra8 29. Bb5 Rxa2 30. Kb1 Ra8 31. Nc3 Rh8 32. Kc2 Nbd7 33. Bc6
e5 34. Re1 Kd8 35. Nb5 Bb8 36. Rd1 Ke7 37. fxe5 Bxe5 38. Bg5 Ke6 39. Nc3 Bd4
40. Ne2 Be5 41. Bf3 Re8 42. Be3 Ke7 43. Nc3 Bd6 44. Nb5 Be5 45. Bf2 Kf8 46. Bc6
Re7 47. Nc3 Bf4 48. Kb3 Be5 49. Na4 Kg8 50. Nxc5 Nxc5+ 51. Bxc5 Rc7 52. Bd6
Rxc6 53. Bxe5 Re6 54. Bxf6 gxf6 55. Rd2 Kf8 56. c5 f5 57. Kc4 Re4+ 58. Kb5 g5
59. c6 g4 60. hxg4 1-0

[Event "DVM U20 2021"]
[Site "Kiel GER"]
[Date "2022.07.25"]
[Round "6"]
[White "Astner, Sebastian"]
[Black "Kotyk, Michael"]
[Result "0-1"]
[Termination "normal"]
[Board "1.4"]
[WhiteElo "1888"]
[BlackElo "2112"]
[WhiteClock "00:21:02"]
[BlackClock "00:01:27"]
[WhiteTeam "FC Ergolding 1932 e.V."]
[BlackTeam "Hamburger SK von 1830 eV"]
[PlyCount "86"]
[WhiteFideId "12979422"]
[BlackFideId "16214501"]
[EventCountry "GER"]
[EventRounds "7"]
[EventType "team-swiss"]
[EventDate "2022.07.22"]

1. d4 {[%clk 01:30:39]} {[%emt 00:00:02]} d5 {[%clk 01:31:23]} 2. Nc3 {[%clk
01:29:55]} Nf6 {[%clk 01:31:31]} 3. Bf4 {[%clk 01:29:31]} a6 {[%clk 01:30:30]}
4. e3 {[%clk 01:24:05]} e6 {[%clk 01:30:22]} 5. g4 {[%clk 01:23:26]} c5 {[%clk
01:29:18]} 6. g5 {[%clk 01:23:24]} Nfd7 {[%clk 01:27:40]} 7. h4 {[%clk
01:23:48]} Nc6 {[%clk 01:24:42]} 8. Nf3 {[%clk 01:22:41]} cxd4 {[%clk
01:24:12]} 9. exd4 {[%clk 01:21:50]} Bb4 {[%clk 01:20:54]} 10. Bg2 {[%clk
01:21:59]} Qa5 {[%clk 01:18:24]} 11. Qd3 {[%clk 01:15:27]} Qb5 {[%clk
01:10:57]} 12. Qxb5 {[%clk 01:15:16]} axb5 {[%clk 01:10:09]} 13. Bf1 {[%clk
01:14:12]} Bxc3+ {[%clk 01:10:34]} 14. bxc3 {[%clk 01:14:30]} Ra3 {[%clk
01:09:39]} 15. Bd2 {[%clk 01:14:25]} b4 {[%clk 01:06:49]} 16. Be2 {[%clk
01:13:31]} bxc3 {[%clk 01:05:40]} 17. Bf4 {[%clk 01:09:37]} Ke7 {[%clk
01:00:39]} 18. Bc1 {[%clk 00:58:41]} Ra7 {[%clk 00:56:07]} 19. a4 {[%clk
00:56:49]} f6 {[%clk 00:53:22]} 20. O-O {[%clk 00:54:54]} e5 {[%clk 00:48:25]}
21. dxe5 {[%clk 00:53:58]} fxe5 {[%clk 00:46:11]} 22. Bb5 {[%clk 00:50:38]} e4
{[%clk 00:40:39]} 23. Bxc6 {[%clk 00:47:25]} bxc6 {[%clk 00:40:42]} 24. Nd4
{[%clk 00:46:20]} Bb7 {[%clk 00:38:08]} 25. Nf5+ {[%clk 00:46:06]} Kf7 {[%clk
00:37:34]} 26. f3 {[%clk 00:36:56]} g6 {[%clk 00:27:37]} 27. Nd6+ {[%clk
00:37:05]} Ke6 {[%clk 00:27:58]} 28. Nxb7 {[%clk 00:37:28]} Rxb7 {[%clk
00:28:08]} 29. fxe4 {[%clk 00:37:13]} dxe4 {[%clk 00:27:43]} 30. Ra3 {[%clk
00:36:17]} Ne5 {[%clk 00:26:01]} 31. Rxc3 {[%clk 00:36:37]} Ra8 {[%clk
00:24:30]} 32. Rf6+ {[%clk 00:36:16]} Kd5 {[%clk 00:10:21]} 33. Bf4 {[%clk
00:34:18]} Nc4 {[%clk 00:08:41]} 34. h5 {[%clk 00:33:20]} gxh5 {[%clk
00:08:27]} 35. Rf5+ {[%clk 00:32:33]} Kd4 {[%clk 00:07:28]} 36. Rb3 {[%clk
00:31:54]} Re7 {[%clk 00:04:26]} 37. a5 {[%clk 00:29:08]} e3 {[%clk 00:02:05]}
38. Kf1 {[%clk 00:29:22]} Nd2+ {[%clk 00:02:32]} 39. Ke2 {[%clk 00:29:45]} Nxb3
{[%clk 00:02:58]} 40. cxb3 {[%clk 00:21:34]} Ke4 {[%clk 00:01:33]} 41. Rf6
{[%clk 00:20:20]} Rxa5 {[%clk 00:01:00]} 42. Bxe3 {[%clk 00:20:44]} Ra2+ {[%clk
00:01:27]} 43. Bd2 {[%clk 00:21:02]} Rd7 0-1

[Event "DVM U20 2021"]
[Site "Kiel GER"]
[Date "2022.07.25"]
[Round "6"]
[White "Klaas, Heiko"]
[Black "Sowka, Patrick"]
[Result "1-0"]
[Termination "normal"]
[Board "1.5"]
[WhiteElo "1986"]
[BlackElo "1598"]
[WhiteClock "00:50:08"]
[BlackClock "00:01:15"]
[WhiteTeam "Hamburger SK von 1830 eV"]
[BlackTeam "FC Ergolding 1932 e.V."]
[PlyCount "61"]
[WhiteFideId "16215940"]
[BlackFideId "16234944"]
[EventCountry "GER"]
[EventRounds "7"]
[EventType "team-swiss"]
[EventDate "2022.07.22"]

1. e4 {[%clk 01:30:58]} {[%emt 00:00:02]} c5 {[%clk 01:30:45]} {[%emt
00:00:15]} 2. Nc3 {[%clk 01:31:18]} {[%emt 00:00:10]} d6 {[%clk 01:31:01]}
{[%emt 00:00:14]} 3. d4 {[%clk 01:31:39]} {[%emt 00:00:09]} cxd4 {[%clk
01:29:52]} {[%emt 00:01:39]} 4. Qxd4 {[%clk 01:32:05]} {[%emt 00:00:04]} a6
{[%clk 01:27:53]} {[%emt 00:02:29]} 5. b3 {[%clk 01:32:09]} {[%emt 00:00:26]}
e5 {[%clk 01:26:44]} {[%emt 00:01:39]} 6. Qd2 {[%clk 01:31:12]} {[%emt
00:01:27]} Nf6 {[%clk 01:26:22]} {[%emt 00:00:51]} 7. Bb2 {[%clk 01:30:49]}
{[%emt 00:00:54]} Be6 {[%clk 01:24:03]} {[%emt 00:02:49]} 8. O-O-O {[%clk
01:30:52]} {[%emt 00:00:26]} Nbd7 {[%clk 01:22:42]} {[%emt 00:01:52]} 9. Kb1
{[%clk 01:30:10]} {[%emt 00:01:12]} b5 {[%clk 01:20:38]} {[%emt 00:02:34]} 10.
f3 {[%clk 01:30:31]} {[%emt 00:00:09]} Be7 {[%clk 01:19:57]} {[%emt 00:01:12]}
11. g4 {[%clk 01:30:45]} {[%emt 00:00:15]} O-O {[%clk 01:16:46]} {[%emt
00:03:41]} 12. h4 {[%clk 01:30:56]} {[%emt 00:00:19]} b4 {[%clk 01:14:44]}
{[%emt 00:02:32]} 13. Nce2 {[%clk 01:22:52]} {[%emt 00:08:34]} a5 {[%clk
01:10:41]} {[%emt 00:04:33]} 14. g5 {[%clk 01:12:22]} {[%emt 00:11:00]} Ne8
{[%clk 01:03:59]} {[%emt 00:07:12]} 15. f4 {[%clk 01:11:58]} {[%emt 00:00:55]}
f5 {[%clk 01:03:16]} {[%emt 00:01:12]} 16. exf5 {[%clk 01:10:14]} {[%emt
00:02:14]} Bxf5 {[%clk 01:02:26]} {[%emt 00:01:21]} 17. Ng3 {[%clk 01:09:59]}
{[%emt 00:00:44]} Bg6 {[%clk 00:38:00]} {[%emt 00:24:55]} 18. f5 {[%clk
01:09:39]} {[%emt 00:00:52]} Bf7 {[%clk 00:33:53]} {[%emt 00:04:36]} 19. Bg2
{[%clk 01:05:43]} {[%emt 00:04:26]} Rc8 {[%clk 00:29:17]} {[%emt 00:05:06]} 20.
Nh3 {[%clk 01:05:30]} {[%emt 00:00:42]} Nc7 {[%clk 00:16:36]} {[%emt 00:13:11]}
21. h5 {[%clk 01:04:34]} {[%emt 00:01:27]} Nb6 {[%clk 00:14:39]} {[%emt
00:02:27]} 22. g6 {[%clk 01:04:21]} {[%emt 00:00:43]} Bd5 {[%clk 00:14:09]}
{[%emt 00:01:00]} 23. h6 {[%clk 01:04:31]} {[%emt 00:00:20]} Bh4 {[%clk
00:12:24]} {[%emt 00:02:13]} 24. gxh7+ {[%clk 01:03:51]} {[%emt 00:01:12]} Kh8
{[%clk 00:10:59]} {[%emt 00:01:55]} 25. hxg7+ {[%clk 01:03:17]} {[%emt
00:01:03]} Kxg7 {[%clk 00:11:28]} {[%emt 00:00:02]} 26. Nh5+ {[%clk 00:53:59]}
{[%emt 00:09:47]} Kxh7 {[%clk 00:11:22]} {[%emt 00:00:36]} 27. Rdg1 {[%clk
00:52:14]} {[%emt 00:02:14]} Rxf5 {[%clk 00:04:11]} {[%emt 00:07:42]} 28. Bxd5
{[%clk 00:49:36]} {[%emt 00:03:08]} Rxh5 {[%emt 00:00:03]} 29. Ng5+ {[%clk
00:49:29]} {[%emt 00:00:35]} Qxg5 {[%clk 00:00:47]} {[%emt 00:04:23]} 30. Rxg5
{[%clk 00:49:50]} {[%emt 00:00:10]} Rxg5 {[%clk 00:01:15]} {[%emt 00:00:02]}
31. Qxg5 {[%clk 00:50:08]} {[%emt 00:00:10]} 1-0